000 00731nam a2200253Ia 4500
003 OSt
005 20221005032105.0
006 a|||||r|||| 00| 0
007 ta
008 221004b |||||||| |||| 00| 0 tam d
024 _a64019
037 _cTextual
040 _aCRL
_cCRL
_btam
041 _2tam
_atam
082 _aO31,6N30x, K5
100 _aKanaka Saunthari Ilanthirayan Au.
_9584781
245 0 _aThamizhaga Kanikal
260 _aChennai
_bValluvar Pannai Indai
_c1965
300 _a173p.
_ccm.
650 _aTAMIL LITERATURE
700 _a Ilanthirayan Au.
_9584782
942 _hO31,6N30x, K5
_cTEXL
_2cc
999 _c939084
_d939084